[Event "Stay Safe Play From Home 326"]
[Site "Mustafa Kemal Atatürk"]
[Date "2020.07.23"]
[Round "2"]
[White "Lamborghini"]
[Black "Broken sword"]
[Result "0-1"]
[WhiteElo "2225"]
[BlackElo "2500"]
[Annotator "TA"]
[PlyCount "134"]
[EventDate "2020.07.23"]
[EventType "swiss (blitz)"]

{[%evp 9,134,16,51,45,52,17,23,24,31,24,20,25,31,29,21,19,25,28,24,6,36,25,34,9,52,6,37,20,15,0,16,7,79,12,94,97,100,4,4,8,11,3,3,3,106,102,100,100,179,3,74,0,95,-99,0,0,0,0,0,-8,0,0,0,0,0,0,0,0,0,0,0,0,0,-8,18,-5801,-335,-29974,0,-29979,-8,-8,-8,-8,-8,-8,-8,-8,-8,-8,0,0,0,0,0,-8,-8,-5485,-5403,-29984,-29985,-29985,-29985,-29985,-29986,-29986,-29987,-29987,-29985,-29987,-29987,-29987,-29988,-29988,-29989,-29990,-29991,-29991,-29992,-29993,-29992,-29994,-29995,-29995,-29996,-29996,-29996]} 1. e4 e6 2. d4 c5 3. Nf3 a6 4. Nc3 cxd4 5. Nxd4 d5 6. exd5 {B43: Sicilian: Kan Variation: 5 Nc3.} exd5 7. Bd3 Nf6 8. O-O {White has an edge.} Be7 9. Bg5 O-O 10. Re1 {aiming for Rxe7!} Nc6 11. Nxc6 bxc6 12. Qf3 {[#]} Re8 $146 ({Predecessor:} 12... h6 13. Bd2 Bd6 14. h3 Rb8 15. b3 a5 16. Rad1 Bc7 17. Ne2 a4 18. Ng3 axb3 19. axb3 {1-0 (39) Galego,L (2521)-Andonovski,L (2330) Skopje 2002}) 13. h3 Be6 14. Re2 Nd7 15. Bxe7 Rxe7 16. Rae1 Re8 17. Nd1 Qc7 18. Qh5 Nf6 19. Qh4 a5 20. Ne3 Rab8 (20... Qd7 $11) 21. b3 (21. Ng4 $1 $16 {[%cal Rg4f6]} Bxg4 22. Rxe8+ Rxe8 23. Rxe8+ Nxe8 24. Qxh7+ (24. Qxg4 g6 $11) 24... Kf8 25. Qh8+ (25. hxg4 Qf4 $14) 25... Ke7 26. Qh4+ (26. hxg4 Qe5 $14) 26... Nf6 27. hxg4) 21... Qd6 (21... Qd7 $11) 22. Ng4 $36 {[%mdl 2048] White has strong initiative.} Bxg4 23. hxg4 (23. Rxe8+ $16 Rxe8 24. Rxe8+ Nxe8 25. Qxh7+ (25. Qxg4 Qe6 $14) (25. hxg4 g6 $11) 25... Kf8 26. hxg4) 23... Rxe2 24. Rxe2 h6 25. g5 hxg5 26. Qxg5 Re8 (26... g6 $11) 27. Rxe8+ Nxe8 28. Qe3 $1 {[%cal Re3e8]} Nf6 (28... Kf8 $16 {might work better.}) 29. a4 $2 (29. Qb6 $1 $18) 29... g6 (29... c5 $11) 30. f3 (30. Qb6 $1 $16) 30... Kg7 {[#]} (30... Qc7 $11 {remains equal.}) 31. g4 $2 (31. Qb6 $1 $16 {and life is bright.}) 31... Nd7 (31... Qg3+ $17 32. Kf1 {[#]} Nxg4 $1 {[%mdl 576] Pin} 33. Qd4+ Nf6) 32. Qd4+ Qe5 33. Qxe5+ Nxe5 $11 {[%mdl 4096] Endgame KB-KN} 34. Be2 Nd7 35. Kf2 Kf6 36. Ke3 Ke7 37. f4 f6 38. g5 fxg5 39. fxg5 Kd6 40. Bd3 Ne5 41. c3 c5 42. b4 $2 {[%mdl 8192]} (42. Bb1 $11) 42... cxb4 $2 (42... Nxd3 43. bxa5 Nb2) 43. cxb4 $2 (43. Bc2 $19 bxc3 44. Kd4) 43... axb4 $2 (43... Nxd3 44. bxa5 Nc5 45. Kd2 Nb3+ 46. Ke3 Nxa5 47. Kd4 Nc6+ 48. Ke3 d4+ 49. Kd2 Kc5 50. Kd3 Kd5 51. Kd2 Kc4 52. Ke2 Kc3 53. Kf3 d3 54. Ke4 Nd4 55. Ke5 d2 56. Kf6 d1=Q 57. Ke7 Qxa4 58. Kf6 Qc6+ 59. Ke7 Nf5+ 60. Kf7 Qd6 61. Kg8 Qe7 62. Kh8 Qg7#) 44. Kd4 $2 {[%mdl 8192]} (44. Bc2 $11) 44... Nf3+ $2 (44... Nxd3 {mates} 45. Kxd3 Kc5 46. Kc2 d4 47. Kd3 b3 48. Kd2 Kc4 49. a5 Kb5 50. Ke2 b2 51. a6 b1=Q 52. a7 Qe4+ 53. Kf2 d3 54. a8=B Qxa8 55. Ke3 Qd5 56. Kd2 Qd4 57. Ke1 Qb2 58. Kf1 Qh2 59. Ke1 Qe2#) 45. Ke3 Nxg5 {White must now prevent ...Ne4!} 46. a5 Ne6 (46... Ne4 $5 47. a6 $8 Kc6 $11) 47. Bxg6 Nc7 48. Kd2 Kc5 {And now ...Kb5 would win.} (48... Kc6 $5 49. Bd3 $8 Ne6 $11) 49. Bd3 Nb5 50. Kc2 Nd4+ 51. Kb2 Kc6 (51... Nc6 $5 52. a6 $8 d4 $11) 52. a6 Kb6 53. a7 $2 {[%mdl 8192] Black keeps a firm grip on the game.} (53. Bf1 $11) 53... Kxa7 $19 54. Bb5 Nxb5 {Black mates.} 55. Kb3 Kb6 56. Kxb4 Kc6 57. Kb3 Kc5 58. Kc2 Nd6 59. Kd2 d4 60. Kd3 Kd5 61. Kc2 Ke4 62. Kb3 d3 63. Kc3 Ke3 64. Kb2 Ke2 65. Kc1 d2+ 66. Kb2 d1=Q 67. Ka2 Nf5 {Accuracy: White = 53%, Black = 61%.} 0-1

[Event "Stay Safe Play From Home 326"]
[Site "Mustafa Kemal Atatürk"]
[Date "2020.07.23"]
[Round "2"]
[White "Lazieri3"]
[Black "SoulofWolf"]
[Result "1-0"]
[WhiteElo "2046"]
[BlackElo "2093"]
[PlyCount "65"]
[EventDate "2020.07.23"]
[EventType "swiss (blitz)"]

1. e4 {[%emt 0:00:01]} d6 {[%emt 0:00:01]} 2. Nc3 {[%emt 0:00:01]} c5 {[%emt 0:00:00]} 3. Bc4 {[%emt 0:00:02]} Nc6 {[%emt 0:00:01]} 4. d3 {[%emt 0:00:03]} Nf6 {[%emt 0:00:00]} 5. Nf3 {[%emt 0:00:01]} Bg4 {[%emt 0:00:01]} 6. h3 {[%emt 0:00:04]} Bh5 {[%emt 0:00:00]} 7. O-O {[%emt 0:00:01]} e6 {[%emt 0:00:01]} 8. g4 {[%emt 0:00:03]} Bg6 {[%emt 0:00:01]} 9. Nh4 {[%emt 0:00:01]} Be7 {[%emt 0:00:00]} 10. Nxg6 {[%emt 0:00:01]} hxg6 {[%emt 0:00:00]} 11. Kg2 {[%emt 0:00:01]} Qd7 {[%emt 0:00:01]} 12. f3 {[%emt 0:00:01]} a6 {[%emt 0:00:00]} 13. a3 {[%emt 0:00:01]} b5 {[%emt 0:00:01]} 14. Ba2 {[%emt 0:00:01]} Nd4 {[%emt 0:00:02]} 15. Ne2 {[%emt 0:00:01]} Nc6 {[%emt 0:00:03]} 16. c3 {[%emt 0:00:01]} Qa7 {[%emt 0:00:01]} 17. Be3 {[%emt 0:00:01]} Qc7 {[%emt 0:00:01]} 18. d4 {[%emt 0:00:01]} Nd7 {[%emt 0:00:02]} 19. dxc5 {[%emt 0:00:01]} Nxc5 {[%emt 0:00:02]} 20. Nd4 {[%emt 0:00:02]} Ne5 {[%emt 0:00:04]} 21. Qe2 {[%emt 0:00:03]} Kd7 {[%emt 0:00:09]} 22. Rfd1 {[%emt 0:00:02]} Rh7 {[%emt 0:00:01]} 23. b4 {[%emt 0:00:02]} Na4 {[%emt 0:00:02]} 24. Rac1 {[%emt 0:00:01]} Rah8 {[%emt 0:00:02]} 25. Rh1 {[%emt 0:00:04]} g5 {[%emt 0:00:03]} 26. c4 {[%emt 0:00:02]} Rb8 {[%emt 0:00:04]} 27. cxb5 {[%emt 0:00:02]} axb5 {[%emt 0:00:00]} 28. Nxb5 {[%emt 0:00:01]} Qb6 {[%emt 0:00:02]} 29. Bxb6 {[%emt 0:00:01]} Rxb6 {[%emt 0:00:01]} 30. Rc7+ {[%emt 0:00:03]} Ke8 {[%emt 0:00:00]} 31. Rc8+ {[%emt 0:00:01]} Kd7 {[%emt 0:00:01]} 32. Rhc1 {[%emt 0:00:02]} Rh8 {[%emt 0:00:03]} 33. R1c7# {[%emt 0:00:02] (Lag: Av=0.47s, max=0.8s)} 1-0

[Event "Stay Safe Play From Home 326"]
[Site "Mustafa Kemal Atatürk"]
[Date "2020.07.23"]
[Round "2"]
[White "Stefanone"]
[Black "Meini"]
[Result "1-0"]
[WhiteElo "2043"]
[BlackElo "1586"]
[PlyCount "61"]
[EventDate "2020.07.23"]
[EventType "swiss (blitz)"]

1. e4 {[%emt 0:00:01]} c6 {[%emt 0:00:01]} 2. d3 {[%emt 0:00:00]} d5 {[%emt 0:00:01]} 3. Nd2 {[%emt 0:00:00]} dxe4 {[%emt 0:00:01]} 4. dxe4 {[%emt 0:00:00]} Be6 {[%emt 0:00:02]} 5. Ngf3 {[%emt 0:00:00]} g6 {[%emt 0:00:01]} 6. Be2 {[%emt 0:00:00]} Bg7 {[%emt 0:00:00]} 7. O-O {[%emt 0:00:00]} Bd7 {[%emt 0:00:00]} 8. c3 {[%emt 0:00:00]} e6 {[%emt 0:00:00]} 9. Qc2 {[%emt 0:00:00]} Nf6 {[%emt 0:00:00]} 10. Nc4 {[%emt 0:00:01]} O-O {[%emt 0:00:00]} 11. e5 {[%emt 0:00:01]} Be8 {[%emt 0:00:01]} 12. exf6 {[%emt 0:00:02]} Bxf6 {[%emt 0:00:01]} 13. Bh6 {[%emt 0:00:01]} Nd7 {[%emt 0:00:00]} 14. Bxf8 {[%emt 0:00:01]} Kxf8 {[%emt 0:00:01]} 15. Rad1 {[%emt 0:00:01]} Bg7 {[%emt 0:00:00]} 16. Nce5 {[%emt 0:00:01]} Kg8 {[%emt 0:00:00]} 17. Nxd7 {[%emt 0:00:02]} Qc7 {[%emt 0:00:00]} 18. Nde5 {[%emt 0:00:02]} Bd7 {[%emt 0:00:00]} 19. Rxd7 {[%emt 0:00:02]} Qb6 {[%emt 0:00:01]} 20. Nxf7 {[%emt 0:00:04]} Rf8 {[%emt 0:00:04]} 21. N3g5 {[%emt 0:00:02]} h6 {[%emt 0:00:03]} 22. Nxe6 {[%emt 0:00:02]} Rxf7 {[%emt 0:00:03]} 23. Rxf7 {[%emt 0:00:00]} Kxf7 {[%emt 0:00:01]} 24. Nxg7 {[%emt 0:00:01]} Kxg7 {[%emt 0:00:00]} 25. Bf3 {[%emt 0:00:01]} Qc5 {[%emt 0:00:02]} 26. Qe4 {[%emt 0:00:01]} h5 {[%emt 0:00:03]} 27. Rd1 {[%emt 0:00:01]} Kh6 {[%emt 0:00:00]} 28. g4 {[%emt 0:00:03]} hxg4 {[%emt 0:00:02]} 29. Bxg4 {[%emt 0:00:01]} Qb6 {[%emt 0:00:01]} 30. Qf4+ {[%emt 0:00:02]} Kg7 {[%emt 0:00:02]} 31. Rd7+ {[%emt 0:00:01] Meini gibt auf (Lag: Av=0.36s, max=0.5s)} 1-0

[Event "Stay Safe Play From Home 326"]
[Site "Mustafa Kemal Atatürk"]
[Date "2020.07.23"]
[Round "2"]
[White "NeatFox"]
[Black "Klasman"]
[Result "1-0"]
[WhiteElo "1798"]
[BlackElo "1372"]
[Annotator "NA"]
[PlyCount "43"]
[EventDate "2020.07.23"]
[EventType "swiss (blitz)"]

1. g4 {[%emt 0:00:02]} h5 {[%emt 0:00:03]} 2. Bg2 {[%emt 0:00:00]} hxg4 {[%emt 0:00:02]} 3. c4 {[%emt 0:00:00]} Nf6 {[%emt 0:00:02]} 4. Qb3 {[%emt 0:00:00]} e5 {[%emt 0:00:03]} 5. Bxb7 {[%emt 0:00:00]} Bxb7 {[%emt 0:00:02]} 6. Qxb7 {[%emt 0:00:00]} Nc6 {[%emt 0:00:01]} 7. Nc3 {[%emt 0:00:00]} Bc5 {[%emt 0:00:05]} 8. Nb5 {[%emt 0:00:02]} Bb6 {[%emt 0:00:03]} 9. Qa6 {[%emt 0:00:02]} Nb4 {[%emt 0:00:02]} 10. Qa4 {[%emt 0:00:01]} a5 {[%emt 0:00:04]} 11. a3 {[%emt 0:00:02]} Nc6 {[%emt 0:00:04]} 12. d3 {[%emt 0:00:03]} O-O {[%emt 0:00:05]} 13. Bg5 {[%emt 0:00:01]} d5 {[%emt 0:00:02]} 14. cxd5 {[%emt 0:00:02]} Qxd5 {[%emt 0:00:01]} 15. f3 {[%emt 0:00:01]} Nd4 {[%emt 0:00:07]} 16. Nxd4 {[%emt 0:00:01]} Bxd4 {[%emt 0:00:02]} 17. Bd2 {[%emt 0:00:06]} Bxb2 {[%emt 0:00:02]} 18. Rb1 {[%emt 0:00:01]} Bd4 {[%emt 0:00:03]} 19. h3 {[%emt 0:00:04]} g3 {[%emt 0:00:04]} 20. h4 {[%emt 0:00:03]} g2 {[%emt 0:00:01]} 21. Rh2 {[%emt 0:00:01]} Bxg1 {[%emt 0:00:01]} 22. Rxg2 {[%emt 0:00:00] Time (Lag: Av=0.46s, max=0.8s)} 1-0

[Event "Stay Safe Play From Home 326"]
[Site "Mustafa Kemal Atatürk"]
[Date "2020.07.23"]
[Round "2"]
[White "Trotsky"]
[Black "Edmatuag"]
[Result "1-0"]
[WhiteElo "1586"]
[BlackElo "1689"]
[Annotator "NA"]
[PlyCount "37"]
[EventDate "2020.07.23"]
[EventType "swiss (blitz)"]

1. d4 {[%emt 0:00:01]} d5 {[%emt 0:00:00]} 2. e4 {[%emt 0:00:00]} e6 {[%emt 0:00:00]} 3. e5 {[%emt 0:00:02]} c5 {[%emt 0:00:01]} 4. c4 {[%emt 0:00:01]} Nc6 {[%emt 0:00:00]} 5. Nc3 {[%emt 0:00:01]} dxc4 {[%emt 0:00:01]} 6. Be3 {[%emt 0:00:01]} cxd4 {[%emt 0:00:02]} 7. Qc2 {[%emt 0:00:03]} dxe3 {[%emt 0:00:03]} 8. fxe3 {[%emt 0:00:02]} Nxe5 {[%emt 0:00:01]} 9. Rd1 {[%emt 0:00:02]} Nd3+ {[%emt 0:00:01]} 10. Bxd3 {[%emt 0:00:01]} cxd3 {[%emt 0:00:00]} 11. Rxd3 {[%emt 0:00:01]} Bd7 {[%emt 0:00:01]} 12. Nf3 {[%emt 0:00:01]} Nf6 {[%emt 0:00:01]} 13. Kf2 {[%emt 0:00:01]} Qc7 {[%emt 0:00:02]} 14. Qb1 {[%emt 0:00:03]} Be7 {[%emt 0:00:03]} 15. h4 {[%emt 0:00:01]} O-O {[%emt 0:00:01]} 16. Ng5 {[%emt 0:00:01]} Ng4+ {[%emt 0:00:05]} 17. Kg1 {[%emt 0:00:03]} h6 {[%emt 0:00:03]} 18. Rxd7 {[%emt 0:00:02]} Qxd7 {[%emt 0:00:03]} 19. Qh7# {[%emt 0:00:01] (Lag: Av=0.50s, max=0.8s)} 1-0

[Event "Stay Safe Play From Home 326"]
[Site "Mustafa Kemal Atatürk"]
[Date "2020.07.23"]
[Round "2"]
[White "Mandy"]
[Black "SelamiSahin"]
[Result "0-1"]
[WhiteElo "871"]
[BlackElo "2008"]
[PlyCount "34"]
[EventDate "2020.07.23"]
[EventType "swiss (blitz)"]

1. d4 {[%emt 0:00:03]} c6 {[%emt 0:00:00]} 2. Bf4 {[%emt 0:00:02]} d5 {[%emt 0:00:00]} 3. e3 {[%emt 0:00:01]} Bf5 {[%emt 0:00:00]} 4. Nf3 {[%emt 0:00:04]} Qb6 {[%emt 0:00:01]} 5. b3 {[%emt 0:00:05]} e6 {[%emt 0:00:01]} 6. Bd3 {[%emt 0:00:03]} Bg6 {[%emt 0:00:01]} 7. Nbd2 {[%emt 0:00:04]} Nf6 {[%emt 0:00:00]} 8. Ne5 {[%emt 0:00:11]} Bb4 {[%emt 0:00:03]} 9. Nxg6 {[%emt 0:00:05]} hxg6 {[%emt 0:00:00]} 10. Bxb8 {[%emt 0:00:04]} Rxb8 {[%emt 0:00:01]} 11. O-O {[%emt 0:00:01]} O-O {[%emt 0:00:01]} 12. e4 {[%emt 0:00:05]} Bxd2 {[%emt 0:00:01]} 13. Qxd2 {[%emt 0:00:02]} Nxe4 {[%emt 0:00:00]} 14. Bxe4 {[%emt 0:00:02]} dxe4 {[%emt 0:00:00]} 15. Qe2 {[%emt 0:00:02]} f5 {[%emt 0:00:01]} 16. c3 {[%emt 0:00:03]} Rbd8 {[%emt 0:00:01]} 17. Rfd1 {[%emt 0:00:02]} Qb5 {[%emt 0:00:01] Zeit (Lag: Av=0.58s, max=0.7s)} 0-1

[Event "Stay Safe Play From Home 326"]
[Site "Mustafa Kemal Atatürk"]
[Date "2020.07.23"]
[Round "3"]
[White "Broken sword"]
[Black "Haxhi Baha"]
[Result "1-0"]
[WhiteElo "2506"]
[BlackElo "2093"]
[Annotator "TA"]
[PlyCount "97"]
[EventDate "2020.07.23"]
[EventType "swiss (blitz)"]

{[%evp 21,97,66,46,12,56,58,96,98,105,95,105,97,127,130,122,89,93,86,74,-16,-12,-19,-16,-119,-115,-115,-116,-214,-199,-207,-200,-210,-210,-214,-189,-212,-210,-214,-216,-214,-155,-191,-160,-277,-277,-277,-274,-265,-180,-166,-194,-185,-185,-216,-216,-233,-203,-326,-310,-332,-333,-326,-266,-266,-254,-545,-231,-686,-681,-706,-703,-704,-698,-629,-509,-677,-532,-602]} 1. e4 e6 2. d4 d5 3. Nd2 Nf6 4. e5 Nfd7 5. Bd3 c5 6. c3 Nc6 7. Ne2 cxd4 8. cxd4 f6 9. exf6 Qxf6 10. Nf3 Bd6 11. Bg5 Qf7 12. Bh4 {C06: French Tarrasch: 3...Nf6 4 e5 Nfd7 5 Bd3 main lines.} Nf6 13. Bg3 Bxg3 14. hxg3 {White is better.} Bd7 15. O-O O-O 16. Re1 Qh5 17. Nf4 {[#]} Qh6 $146 ({Predecessor:} 17... Qg4 18. Qd2 Nh5 19. Nxh5 Qxh5 20. Ne5 Nxe5 21. Rxe5 Qf7 22. f3 Rae8 23. Kf2 g6 {1-0 (80) Draoui,N (2278)-Mascle,J Elancourt 2003}) 18. Qd2 Rae8 19. Rad1 Ng4 20. Nh3 (20. Bb5 $16) 20... Qxd2 $11 21. Rxd2 e5 {...e4 is the strong threat.} 22. dxe5 (22. Bc2 $11) 22... Ngxe5 $17 {White is now going downhill.} 23. Nxe5 Nxe5 ({Much weaker is} 23... Rxe5 $6 24. Rxe5 Nxe5 25. Nf4 $11) 24. Red1 (24. Be2 $17) 24... Bxh3 $1 $19 {[%mdl 64] [#] Overworked Piece} 25. gxh3 Nf3+ {[%mdl 64] Double Attack} 26. Kg2 {Black should prevent Re2.} Nxd2 27. Rxd2 {[%mdl 4096] Endgame KRR-KRB} Re5 28. Bc2 Rd8 29. Bb3 Kf8 30. f4 Re3 31. Kf2 d4 32. Rxd4 (32. Bc2 $17 {was worth a try.}) 32... Rxd4 33. Kxe3 $17 {[#] KR-KB} Rb4 $1 34. Kd3 a5 35. Kc3 Ke7 36. Bc2 h6 37. b3 Kd6 38. Bd3 Rb6 39. Kd2 (39. Bc4 $142) 39... Rc6 $19 40. Be4 Rc7 41. g4 Kc5 42. Ke3 Re7 43. Kf3 $2 (43. f5) 43... b5 (43... Kd4 $142 44. Bf5 Re3+ 45. Kf2 Rxh3) 44. h4 $2 (44. Ke3) 44... Kd4 {Black is clearly winning.} 45. Bf5 Re3+ 46. Kf2 Rh3 47. Kg2 Rc3 48. Be6 b4 49. f5 {[%mdl 32768] Accuracy: White = 42%, Black = 67%. . Loss on time!?} 1-0

[Event "Stay Safe Play From Home 326"]
[Site "Mustafa Kemal Atatürk"]
[Date "2020.07.23"]
[Round "3"]
[White "AChessPlayer"]
[Black "Lazieri3"]
[Result "0-1"]
[WhiteElo "2356"]
[BlackElo "2066"]
[PlyCount "118"]
[EventDate "2020.07.23"]
[EventType "swiss (blitz)"]

1. Nf3 {[%emt 0:00:01]} c6 {[%emt 0:00:00]} 2. g3 {[%emt 0:00:00]} d5 {[%emt 0:00:00]} 3. Bg2 {[%emt 0:00:00]} Nf6 {[%emt 0:00:00]} 4. O-O {[%emt 0:00:00]} Bf5 {[%emt 0:00:00]} 5. d3 {[%emt 0:00:00]} Qc8 {[%emt 0:00:00]} 6. Re1 {[%emt 0:00:01]} Bh3 {[%emt 0:00:00]} 7. Bh1 {[%emt 0:00:00]} h5 {[%emt 0:00:00]} 8. e4 {[%emt 0:00:02]} h4 {[%emt 0:00:01]} 9. e5 {[%emt 0:00:01]} hxg3 {[%emt 0:00:01]} 10. fxg3 {[%emt 0:00:00]} Ng4 {[%emt 0:00:03]} 11. d4 {[%emt 0:00:01]} Qf5 {[%emt 0:00:02]} 12. Nc3 {[%emt 0:00:06]} Qh5 {[%emt 0:00:02]} 13. Ng5 {[%emt 0:00:04]} f6 {[%emt 0:00:03]} 14. exf6 {[%emt 0:00:02]} gxf6 {[%emt 0:00:00]} 15. Nxh3 {[%emt 0:00:05]} Qxh3 {[%emt 0:00:00]} 16. Qe2 {[%emt 0:00:01]} Nxh2 {[%emt 0:00:03]} 17. Qg2 {[%emt 0:00:04]} Qh5 {[%emt 0:00:02]} 18. Bf4 {[%emt 0:00:01]} Ng4 {[%emt 0:00:04]} 19. Re2 {[%emt 0:00:05]} Bh6 {[%emt 0:00:02]} 20. Bxh6 {[%emt 0:00:03]} Rxh6 {[%emt 0:00:01]} 21. Rae1 {[%emt 0:00:00]} Rh7 {[%emt 0:00:01]} 22. Nd1 {[%emt 0:00:03]} Nd7 {[%emt 0:00:02]} 23. Ne3 {[%emt 0:00:00]} Nxe3 {[%emt 0:00:03]} 24. Rxe3 {[%emt 0:00:00]} O-O-O {[%emt 0:00:01]} 25. g4 {[%emt 0:00:01]} Qh4 {[%emt 0:00:03]} 26. Rg3 {[%emt 0:00:02]} Rdh8 {[%emt 0:00:03]} 27. Kf2 {[%emt 0:00:01]} Qg5 {[%emt 0:00:01]} 28. Qf3 {[%emt 0:00:05]} Rh2+ {[%emt 0:00:02]} 29. Bg2 {[%emt 0:00:01]} Qd2+ {[%emt 0:00:01]} 30. Re2 {[%emt 0:00:00]} Qxd4+ {[%emt 0:00:01]} 31. Qe3 {[%emt 0:00:00]} Qxe3+ {[%emt 0:00:01]} 32. Rexe3 {[%emt 0:00:00]} Ne5 {[%emt 0:00:00]} 33. Re2 {[%emt 0:00:01]} Nc4 {[%emt 0:00:02]} 34. Kg1 {[%emt 0:00:01]} e5 {[%emt 0:00:01]} 35. b3 {[%emt 0:00:00]} Nd6 {[%emt 0:00:01]} 36. c4 {[%emt 0:00:00]} Ne4 {[%emt 0:00:00]} 37. Rxe4 {[%emt 0:00:01]} dxe4 {[%emt 0:00:00]} 38. Re3 {[%emt 0:00:00]} Rxg2+ {[%emt 0:00:01]} 39. Kxg2 {[%emt 0:00:01]} f5 {[%emt 0:00:00]} 40. Rxe4 {[%emt 0:00:00]} fxe4 {[%emt 0:00:00]} 41. Kf2 {[%emt 0:00:00]} Rh2+ {[%emt 0:00:01]} 42. Ke3 {[%emt 0:00:00]} Rxa2 {[%emt 0:00:00]} 43. Kxe4 {[%emt 0:00:00]} Rb2 {[%emt 0:00:00]} 44. g5 {[%emt 0:00:01]} Rxb3 {[%emt 0:00:00]} 45. g6 {[%emt 0:00:00]} Rb2 {[%emt 0:00:01]} 46. Kf3 {[%emt 0:00:01]} Rb1 {[%emt 0:00:01]} 47. Kf2 {[%emt 0:00:00]} Rb4 {[%emt 0:00:01]} 48. g7 {[%emt 0:00:01]} Rxc4 {[%emt 0:00:00]} 49. Kf3 {[%emt 0:00:00]} Rf4+ {[%emt 0:00:01]} 50. Kg3 {[%emt 0:00:00]} Re4 {[%emt 0:00:01]} 51. g8=Q+ {[%emt 0:00:02]} Kc7 {[%emt 0:00:00]} 52. Qh7+ {[%emt 0:00:00]} Kb6 {[%emt 0:00:00]} 53. Qxe4 {[%emt 0:00:00]} a5 {[%emt 0:00:01]} 54. Qxe5 {[%emt 0:00:00]} Ka6 {[%emt 0:00:00]} 55. Qe3 {[%emt 0:00:00]} b6 {[%emt 0:00:00]} 56. Kf2 {[%emt 0:00:00]} b5 {[%emt 0:00:00]} 57. Ke1 {[%emt 0:00:00]} a4 {[%emt 0:00:00]} 58. Kd1 {[%emt 0:00:00]} a3 {[%emt 0:00:00]} 59. Kc1 {[%emt 0:00:00]} a2 {[%emt 0:00:00] Time (Lag: Av=0.58s, max=0.9s)} 0-1

[Event "Stay Safe Play From Home 326"]
[Site "Mustafa Kemal Atatürk"]
[Date "2020.07.23"]
[Round "3"]
[White "SoulofWolf"]
[Black "Stefanone"]
[Result "0-1"]
[WhiteElo "2073"]
[BlackElo "2045"]
[PlyCount "112"]
[EventDate "2020.07.23"]
[EventType "swiss (blitz)"]

1. e4 {[%emt 0:00:01]} d6 {[%emt 0:00:00]} 2. Nc3 {[%emt 0:00:00]} Nd7 {[%emt 0:00:00]} 3. d4 {[%emt 0:00:00]} Ngf6 {[%emt 0:00:00]} 4. Bd3 {[%emt 0:00:00]} e5 {[%emt 0:00:00]} 5. Nge2 {[%emt 0:00:01]} Be7 {[%emt 0:00:01]} 6. O-O {[%emt 0:00:00]} O-O {[%emt 0:00:00]} 7. f4 {[%emt 0:00:01]} exd4 {[%emt 0:00:01]} 8. Nxd4 {[%emt 0:00:01]} Nc5 {[%emt 0:00:00]} 9. Be3 {[%emt 0:00:02]} Nxd3 {[%emt 0:00:01]} 10. cxd3 {[%emt 0:00:01]} b6 {[%emt 0:00:00]} 11. a4 {[%emt 0:00:01]} Bb7 {[%emt 0:00:01]} 12. a5 {[%emt 0:00:00]} c5 {[%emt 0:00:01]} 13. Nf5 {[%emt 0:00:03]} Re8 {[%emt 0:00:02]} 14. Qd2 {[%emt 0:00:02]} g6 {[%emt 0:00:01]} 15. Nxe7+ {[%emt 0:00:02]} Rxe7 {[%emt 0:00:00]} 16. Bf2 {[%emt 0:00:01]} Qd7 {[%emt 0:00:02]} 17. Bh4 {[%emt 0:00:01]} Qe6 {[%emt 0:00:04]} 18. g3 {[%emt 0:00:01]} h6 {[%emt 0:00:01]} 19. Rae1 {[%emt 0:00:02]} Rc7 {[%emt 0:00:02]} 20. e5 {[%emt 0:00:03]} Nd5 {[%emt 0:00:04]} 21. exd6 {[%emt 0:00:03]} Qxd6 {[%emt 0:00:03]} 22. Ne4 {[%emt 0:00:01]} Qc6 {[%emt 0:00:01]} 23. Qg2 {[%emt 0:00:02]} f5 {[%emt 0:00:01]} 24. Nd2 {[%emt 0:00:02]} Nb4 {[%emt 0:00:02]} 25. Qxc6 {[%emt 0:00:01]} Bxc6 {[%emt 0:00:00]} 26. Re6 {[%emt 0:00:04]} Kf7 {[%emt 0:00:06]} 27. Rfe1 {[%emt 0:00:01]} Re8 {[%emt 0:00:02]} 28. Rf6+ {[%emt 0:00:02]} Kg7 {[%emt 0:00:02]} 29. Rxe8 {[%emt 0:00:02]} Bxe8 {[%emt 0:00:00]} 30. Nc4 {[%emt 0:00:01]} b5 {[%emt 0:00:02]} 31. Ne5 {[%emt 0:00:01]} Re7 {[%emt 0:00:03]} 32. Rd6 {[%emt 0:00:05]} c4 {[%emt 0:00:02]} 33. dxc4 {[%emt 0:00:01]} bxc4 {[%emt 0:00:00]} 34. Kf2 {[%emt 0:00:01]} Nd3+ {[%emt 0:00:01]} 35. Nxd3 {[%emt 0:00:02]} cxd3 {[%emt 0:00:00]} 36. Bxe7 {[%emt 0:00:01]} Bb5 {[%emt 0:00:00]} 37. Bd8 {[%emt 0:00:03]} a6 {[%emt 0:00:00]} 38. Bb6 {[%emt 0:00:01]} Kf7 {[%emt 0:00:00]} 39. Bd4 {[%emt 0:00:01]} Ke7 {[%emt 0:00:00]} 40. Rd5 {[%emt 0:00:01]} Ke6 {[%emt 0:00:01]} 41. Re5+ {[%emt 0:00:00]} Kd6 {[%emt 0:00:01]} 42. Bc3 {[%emt 0:00:00]} d2 {[%emt 0:00:01]} 43. Bxd2 {[%emt 0:00:00]} Bc4 {[%emt 0:00:01]} 44. Be3 {[%emt 0:00:00]} Bd5 {[%emt 0:00:01]} 45. h4 {[%emt 0:00:00]} g5 {[%emt 0:00:01]} 46. fxg5 {[%emt 0:00:00]} hxg5 {[%emt 0:00:01]} 47. g4 {[%emt 0:00:00]} f4 {[%emt 0:00:00]} 48. hxg5 {[%emt 0:00:00]} fxe3+ {[%emt 0:00:01]} 49. Kxe3 {[%emt 0:00:00]} Kxe5 {[%emt 0:00:01]} 50. b4 {[%emt 0:00:01]} Bf7 {[%emt 0:00:00]} 51. b5 {[%emt 0:00:00]} axb5 {[%emt 0:00:01]} 52. a6 {[%emt 0:00:00]} Bd5 {[%emt 0:00:00]} 53. a7 {[%emt 0:00:00]} Ba8 {[%emt 0:00:01]} 54. Kd2 {[%emt 0:00:00]} b4 {[%emt 0:00:00]} 55. g6 {[%emt 0:00:00]} b3 {[%emt 0:00:00]} 56. g7 {[%emt 0:00:00] .} Ke6 {[%emt 0:00:01]} 0-1